<?xml version="1.0" encoding="UTF-8"?>
<record
    xmlns:xsi="http://www.w3.org/2001/XMLSchema-instance"
    xsi:schemaLocation="http://www.loc.gov/MARC21/slim http://www.loc.gov/standards/marcxml/schema/MARC21slim.xsd"
    xmlns="http://www.loc.gov/MARC21/slim">

  <leader>00916nam a2200169Ia 4500</leader>
  <datafield tag="952" ind1=" " ind2=" ">
    <subfield code="0">0</subfield>
    <subfield code="1">0</subfield>
    <subfield code="4">0</subfield>
    <subfield code="7">0</subfield>
    <subfield code="a">11</subfield>
    <subfield code="b">11</subfield>
    <subfield code="d">2009-03-04</subfield>
    <subfield code="l">4</subfield>
    <subfield code="o">TR850 W638 2008</subfield>
    <subfield code="p">11 007750</subfield>
    <subfield code="r">2025-03-14</subfield>
    <subfield code="s">2025-03-11</subfield>
    <subfield code="t">1</subfield>
    <subfield code="w">2012-06-26</subfield>
    <subfield code="y">LB</subfield>
  </datafield>
  <datafield tag="952" ind1=" " ind2=" ">
    <subfield code="0">0</subfield>
    <subfield code="1">0</subfield>
    <subfield code="4">0</subfield>
    <subfield code="7">0</subfield>
    <subfield code="a">11</subfield>
    <subfield code="b">11</subfield>
    <subfield code="d">2010-03-03</subfield>
    <subfield code="l">13</subfield>
    <subfield code="o">TR850 W638 2008</subfield>
    <subfield code="p">11 008375</subfield>
    <subfield code="r">2019-04-12</subfield>
    <subfield code="s">2019-04-12</subfield>
    <subfield code="t">2</subfield>
    <subfield code="w">2012-06-26</subfield>
    <subfield code="y">LB</subfield>
  </datafield>
  <datafield tag="952" ind1=" " ind2=" ">
    <subfield code="0">0</subfield>
    <subfield code="1">0</subfield>
    <subfield code="4">0</subfield>
    <subfield code="7">0</subfield>
    <subfield code="a">11</subfield>
    <subfield code="b">11</subfield>
    <subfield code="d">2010-03-03</subfield>
    <subfield code="l">8</subfield>
    <subfield code="o">TR850 W638 2008</subfield>
    <subfield code="p">11 008376</subfield>
    <subfield code="r">2024-08-10</subfield>
    <subfield code="s">2024-08-06</subfield>
    <subfield code="t">3</subfield>
    <subfield code="w">2012-06-26</subfield>
    <subfield code="y">LB</subfield>
  </datafield>
  <datafield tag="952" ind1=" " ind2=" ">
    <subfield code="0">0</subfield>
    <subfield code="1">0</subfield>
    <subfield code="2">lcc</subfield>
    <subfield code="4">0</subfield>
    <subfield code="7">0</subfield>
    <subfield code="a">11</subfield>
    <subfield code="b">11</subfield>
    <subfield code="d">2013-06-20</subfield>
    <subfield code="l">6</subfield>
    <subfield code="o">TR850 W638 2008</subfield>
    <subfield code="p">11 010253</subfield>
    <subfield code="r">2018-04-23</subfield>
    <subfield code="s">2018-04-23</subfield>
    <subfield code="t">4</subfield>
    <subfield code="w">2013-06-20</subfield>
    <subfield code="y">LB</subfield>
  </datafield>
  <datafield tag="999" ind1=" " ind2=" ">
    <subfield code="c">72149</subfield>
    <subfield code="d">72149</subfield>
  </datafield>
  <controlfield tag="008">120626s2008    sp a          000 0 spa d</controlfield>
  <datafield tag="020" ind1=" " ind2=" ">
    <subfield code="a">9788425222610</subfield>
  </datafield>
  <datafield tag="050" ind1=" " ind2=" ">
    <subfield code="a">TR850 </subfield>
    <subfield code="b">W638 2008</subfield>
  </datafield>
  <datafield tag="100" ind1=" " ind2=" ">
    <subfield code="a">Wigan, Mark</subfield>
    <subfield code="e">autor</subfield>
  </datafield>
  <datafield tag="245" ind1=" " ind2=" ">
    <subfield code="a">Im&#xE1;genes en secuencia</subfield>
    <subfield code="b">: Animaci&#xF3;n, storyboards, videojuegos, cinematograf&#xED;a, mash- ups... y otras series ilustradas </subfield>
    <subfield code="c">/ Mark Wigan</subfield>
  </datafield>
  <datafield tag="260" ind1=" " ind2=" ">
    <subfield code="a">Espa&#xF1;a </subfield>
    <subfield code="b">: Gustavo Gili</subfield>
    <subfield code="c">2008</subfield>
  </datafield>
  <datafield tag="300" ind1=" " ind2=" ">
    <subfield code="a">175 p&#xE1;ginas</subfield>
    <subfield code="b">: ilustraciones</subfield>
  </datafield>
  <datafield tag="505" ind1=" " ind2=" ">
    <subfield code="a">Introducci&#xF3;n ---- Estrategias narrativas ---- Contar historias con im&#xE1;genes ---- &#xC9;rase una vez... ---- Animaci&#xF3;n ----Imagen en movimiento ---- MASH-UPS audiovisuales ---- Glosario ---- Gr&#xE1;ficos sobre la narraci&#xF3;n visual de historias ---- Bibliograf&#xED;a y sitios web ---- Canon ---- Conclusi&#xF3;n.</subfield>
  </datafield>
  <datafield tag="519" ind1=" " ind2=" ">
    <subfield code="a">Material complementario</subfield>
    <subfield code="b">Dise&#xF1;o y comunicaci&#xF3;n visual</subfield>
    <subfield code="d">(11 008376)</subfield>
  </datafield>
  <datafield tag="650" ind1=" " ind2="0">
    <subfield code="a">ANIMACI&#xD3;N </subfield>
    <subfield code="x">CINEMATOGRAF&#xCD;A</subfield>
  </datafield>
  <datafield tag="942" ind1=" " ind2=" ">
    <subfield code="c">LB</subfield>
  </datafield>
</record>
